Computing concepts. (2nd ed.) (Record no. 79707)

MARC details
000 -LEADER
fixed length control field 01370nam a2200253 a 4500
008 - FIXED-LENGTH DATA ELEMENTS--GENERAL INFORMATION
fixed length control field 070523s2004 ||||||||||||||||| || u
020 ## - INTERNATIONAL STANDARD BOOK NUMBER
International Standard Book Number 0072834110
050 ## - LIBRARY OF CONGRESS CALL NUMBER
Classification number QA 76.H215 HAA
100 ## - MAIN ENTRY--PERSONAL NAME
Personal name Haag, Stephen
245 10 - TITLE STATEMENT
Title Computing concepts. (2nd ed.)
250 ## - EDITION STATEMENT
Edition statement 2nd ed.
260 ## - PUBLICATION, DISTRIBUTION, ETC.
Place of publication, distribution, etc. Boston:
Name of publisher, distributor, etc. McGraw-Hill
Date of publication, distribution, etc. 2004
300 ## - PHYSICAL DESCRIPTION
Extent xxxi, 556p.: ill.
350 ## -
-- 0.00
650 ## - SUBJECT ADDED ENTRY--TOPICAL TERM
Topical term or geographic name entry element COMPUTERS
650 #0 - SUBJECT ADDED ENTRY--TOPICAL TERM
Topical term or geographic name entry element ELECTRONIC DATA PROCESSING
700 ## - ADDED ENTRY--PERSONAL NAME
Personal name Cummings, Maeve
700 ## - ADDED ENTRY--PERSONAL NAME
Personal name Rea, Alan I. (Jr)
995 ## -
-- ANNEX COLLECTION (Main Library)
-- 0.00
-- 737845
-- CBU-MAIN LIBRARY (Kitwe)
-- 1
-- 0.00
-- QA 76.H215 HAA
-- 3
-- AVAILABLE
-- May 23, 2007
-- 55262
-- Annex Low-Usage Collection
995 ## -
-- MAIN LIBRARY OPEN ACCESS
-- 0.00
-- 737847
-- CBU-MAIN LIBRARY (Kitwe)
-- 1
-- 0.00
-- QA 76.H215 HAA
-- 5
-- AVAILABLE
-- May 23, 2007
-- 55265
-- Main Library Open Access Collection
995 ## -
-- BINDERY (DAMAGED)
-- 0.00
-- 737843
-- CBU-MAIN LIBRARY (Kitwe)
-- 1
-- 0.00
-- QA 76.H215 HAA
-- 1
-- DAMAGED
-- May 23, 2007
-- 55260
-- Main Library Open Access Collection
995 ## -
-- MAIN LIBRARY OPEN ACCESS
-- 0.00
-- 737846
-- CBU-MAIN LIBRARY (Kitwe)
-- 1
-- 0.00
-- QA 76.H215 HAA
-- 4
-- AVAILABLE
-- May 23, 2007
-- 55263
-- Main Library Open Access Collection
995 ## -
-- BINDERY (DAMAGED)
-- 0.00
-- 737844
-- CBU-MAIN LIBRARY (Kitwe)
-- 1
-- 0.00
-- QA 76.H215 HAA
-- 2
-- DAMAGED
-- May 23, 2007
-- 55261
-- Main Library Open Access Collection
999 ## -
-- 79707
-- 79707
Holdings
Withdrawn status Lost status Source of classification or shelving scheme Damaged status Not for loan Permanent Location Current Location Shelving location Date acquired Total Checkouts Full call number Barcode Date last seen Copy number Price effective from Koha item type
          CBU-MAIN LIBRARY, KITWE. CBU-MAIN LIBRARY, KITWE.   06/29/2023   QA 76.H215 HAA 55262 06/29/2023 1 06/29/2023 MONOGRAPH
          CBU-MAIN LIBRARY, KITWE. CBU-MAIN LIBRARY, KITWE.   06/29/2023   QA 76.H215 HAA 55265 06/29/2023 2 06/29/2023 MONOGRAPH
          CBU-MAIN LIBRARY, KITWE. CBU-MAIN LIBRARY, KITWE.   06/29/2023   QA 76.H215 HAA 55260 06/29/2023 3 06/29/2023 MONOGRAPH
          CBU-MAIN LIBRARY, KITWE. CBU-MAIN LIBRARY, KITWE.   06/29/2023   QA 76.H215 HAA 55263 06/29/2023 4 06/29/2023 MONOGRAPH
          CBU-MAIN LIBRARY, KITWE. CBU-MAIN LIBRARY, KITWE.   06/29/2023   QA 76.H215 HAA 55261 06/29/2023 5 06/29/2023 MONOGRAPH